00455nam a2200181Ia 4500003000400000005001700004008004100021020001500062040000700077041000800084082001800092100002700110245005600137260003900193300001700232365001300249650001100262OSt20230424110921.0210423s2000 xx 000 0 und d a8176491748 cAL aeng a581.1503 MIGG aMIGLANI (Gurbachan S). aDictionary of plant genetics and molecular biology. aNew DelhibW H Freeman & Co.c2000 aviii,348bPB b695cINR aBotany